ნორმალური ფორმატი
MARC ფორმატი
ჩანაწერი Personal Name
ჩანაწერთა რაოდენობა, რომელიც გამოყენებულია: 1
001 - CONTROL NUMBER
- control field: 20818
003 - CONTROL NUMBER IDENTIFIER
- control field: GE_BSU
005 - DATE AND TIME OF LATEST TRANSACTION
- control field: 20231220171501.0
008 - FIXED-LENGTH DATA ELEMENTS
- fixed length control field: 231220|| aca||aabn | a|a d
040 ## - CATALOGING SOURCE
- Original cataloging agency: GE_BSU
- Transcribing agency: GE_BSU
100 ## - HEADING--PERSONAL NAME
- Personal name: Хейердал, Тур
670 ## - SOURCE DATA FOUND
- Source citation: Work cat.: (GE_BSU): Хейердал, Тур, Древний человек и океан /
